000 00635nam 22002173 4500
001 201074
010 _a978-989-741-069-7
021 _aPT
_b359758/13
090 _a201074
100 _a20260309d u||y0pory50 ba
200 _aOs sete e o violino roubado
_fEnid Blyton
_gtradução de Eugénia Antunes
205 _a
210 _aAlfragide
_cOficina do Livro
_d2013
215 _a164, [4] p.
_cbrochado
_d21 cm
225 _aO Clube dos Sete
_v10
606 _952
_aLiteratura Juvenil Inglesa
675 _a821.111-93
_vPT
_zpor
700 _9958
_aBlyton
_bEnid
_f1897-1968
801 _aPT
_bBMMN
_gRPC
830 _cAna Caetano
990 _cLIVROS